[Event "Ä17Â"]
[Site "Loo"]
[Date "2017.04.28"]
[Round "9.15"]
[White "Ïàíêîâà, Þëèÿ."]
[Black "Ýñàóëîâà, Ìàðôà."]
[Result "1-0"]
[WhiteElo "1786"]
[BlackElo "1826"]
[PlyCount "127"]
[EventDate "2017.04.20"]

1. e4 c6 2. d4 d5 3. exd5 cxd5 4. Bd3 Nc6 5. c3 g6 6. Bf4 Bg7 7. h3 Nh6 8. Nf3
f6 9. O-O e5 10. dxe5 fxe5 11. Re1 Nf7 12. Bb5 e4 13. Nd4 Bd7 14. Nb3 a6 15.
Bf1 Ne7 16. Nc5 b5 17. Nd2 O-O 18. Ndb3 Ne5 19. Bg5 Bf6 20. Bh6 Rf7 21. Nd4 Qb6
22. Nxd7 Nxd7 23. Be3 Qd6 24. Be2 Ne5 25. Qd2 N7c6 26. Nb3 Rd8 27. Red1 Ne7 28.
Nc5 Nf5 29. Nb3 Nc4 30. Bxc4 bxc4 31. Nd4 Nxe3 32. Qxe3 Be5 33. Rf1 Rdf8 34.
Rad1 Bf4 35. Qe2 Re7 36. Nc2 Qc5 37. Ne3 Re5 38. Rd4 Qa5 39. a3 Qb6 40. Nxd5
Rxd5 41. Rxd5 e3 42. Qxc4 exf2+ 43. Kh1 Qe6 44. Rd4 Qxc4 45. Rxc4 Bg3 46. Rg4
Re8 47. Rxg3 Re1 48. Rf3 Rxf1+ 49. Kh2 Kg7 50. Kg3 Rc1 51. Rxf2 h6 52. Kf3 Kf6
53. Ke4+ Ke6 54. Kd3 Rd1+ 55. Rd2 Rf1 56. c4 a5 57. Kc3 Re1 58. Kb3 Re4 59. Kc3
Re1 60. c5 Re3+ 61. Kc4 Re5 62. c6 Re1 63. Kb5 Rc1 64. Kb6 1-0

[Event "Ä17Â"]
[Site "Loo"]
[Date "2017.04.28"]
[Round "9.16"]
[White "Êèðàêîñÿí, Êàìèëà."]
[Black "Åìåëüÿíîâà, Âèêòîðèÿ."]
[Result "1/2-1/2"]
[WhiteElo "1803"]
[BlackElo "1713"]
[PlyCount "58"]
[EventDate "2017.04.20"]

1. Nf3 Nf6 2. d4 g6 3. c4 Bg7 4. Nc3 O-O 5. e4 d6 6. Be2 Nbd7 7. O-O e5 8. Qc2
Ne8 9. dxe5 Nxe5 10. Nxe5 Bxe5 11. Be3 Qh4 12. f4 Bg7 13. Bf3 a6 14. Nd5 Be6
15. Qd2 Qd8 16. Bd4 Nf6 17. Qc3 Nxd5 18. cxd5 Bxd4+ 19. Qxd4 Bd7 20. Be2 Qe7
21. Bd3 Bb5 22. Rf3 Bxd3 23. Rxd3 Rae8 24. Re1 Qh4 25. g3 Qg4 26. Qf2 Qd7 27.
Qd4 Qg4 28. Qf2 Qd7 29. Qd4 Qg4 1/2-1/2

[Event "Ä17Â"]
[Site "Loo"]
[Date "2017.04.28"]
[Round "9.17"]
[White "Ãîëîâêèíà, Àíàñòàñèÿ."]
[Black "Åãîðîâà, Âàëåíòèíà."]
[Result "1-0"]
[WhiteElo "2061"]
[BlackElo "1642"]
[PlyCount "91"]
[EventDate "2017.04.20"]

1. e4 e5 2. Bc4 Nc6 3. Nf3 Bc5 4. d3 Nf6 5. O-O d6 6. c3 Bg4 7. Nbd2 O-O 8. Re1
h6 9. Nf1 Bb6 10. h3 Be6 11. Bb3 Nd7 12. Ng3 Bxb3 13. Qxb3 Kh7 14. Nf5 Ne7 15.
N3h4 Ng6 16. Nf3 Qf6 17. a4 a5 18. Qc2 Ne7 19. Ng3 Qg6 20. Kh2 Qe6 21. d4 f5
22. exf5 Nxf5 23. dxe5 Nxe5 24. Nxe5 dxe5 25. Bf4 Qg6 26. Bxe5 Nxg3 27. Qxg6+
Kxg6 28. fxg3 Rf2 29. b3 Raf8 30. Bf4 Rd8 31. Re6+ Kf7 32. Rae1 Rd7 33. R6e5
Rb2 34. c4 Rxb3 35. c5 Ba7 36. c6 bxc6 37. Rxa5 Bb6 38. Rf5+ Kg6 39. g4 Ra3 40.
h4 Rxa4 41. h5+ Kh7 42. Re8 Rdd4 43. Rff8 g6 44. Rh8+ Kg7 45. Be5+ Kf7 46.
Rhf8# 1-0

[Event "Ä17Â"]
[Site "Loo"]
[Date "2017.04.28"]
[Round "9.18"]
[White "×åìáîðèñîâà, Ýëèíà."]
[Black "Ñêîìîðîõèíà, Åêàòåðèíà."]
[Result "1/2-1/2"]
[WhiteElo "1840"]
[BlackElo "1917"]
[PlyCount "43"]
[EventDate "2017.04.20"]

1. e4 c5 2. Nf3 d6 3. d4 cxd4 4. Nxd4 Nf6 5. Nc3 g6 6. Be2 Bg7 7. O-O O-O 8.
Be3 Nc6 9. Nb3 a6 10. a4 b6 11. f4 Bb7 12. Bf3 Nb4 13. a5 b5 14. Kh1 Qc7 15.
Rc1 Rac8 16. Bb6 Qb8 17. Bd4 Rc4 18. Be2 Rcc8 19. Bf3 Rc4 20. Be2 Rcc8 21. Bf3
Rc4 22. Be2 1/2-1/2

[Event "Ä17Â"]
[Site "Loo"]
[Date "2017.04.28"]
[Round "9.19"]
[White "Ôîêèíà, Ýëèíà."]
[Black "Ãàðìàø, Àëåíà."]
[Result "0-1"]
[WhiteElo "1878"]
[BlackElo "1844"]
[PlyCount "86"]
[EventDate "2017.04.20"]

1. e4 g6 2. d4 Bg7 3. Nc3 d6 4. Bg5 c6 5. f4 Qb6 6. Nf3 Qxb2 7. Na4 Qb4+ 8. c3
Qa5 9. Qb3 b5 10. Nb2 Nf6 11. Bd3 O-O 12. O-O Qc7 13. a4 bxa4 14. Rxa4 Nbd7 15.
Rfa1 Nb6 16. Ra5 c5 17. e5 Nfd5 18. c4 Nb4 19. Be4 Bb7 20. Rxa7 Rab8 21. Rxb7
Rxb7 22. Bxb7 Qxb7 23. dxc5 dxc5 24. Ra5 Qc7 25. Qa3 f6 26. Ra7 Qc6 27. Rxe7
fxg5 28. Qa7 Bh8 29. Nxg5 Nc8 30. Qc7 Nxe7 31. Qxe7 Bg7 32. Ne6 Rf7 33. Qd8+
Bf8 34. Ng5 Rd7 35. Qb8 Na6 36. Qb3 h6 37. e6 Rd2 38. Nf3 Rd6 39. f5 gxf5 40.
Ne5 Qe4 41. Qg3+ Bg7 42. e7 Re6 43. Nbd3 Rxe7 0-1

[Event "Ä17Â"]
[Site "Loo"]
[Date "2017.04.28"]
[Round "9.20"]
[White "Õîðóíæåâà, Êñåíèÿ."]
[Black "Áó÷åëüíèêîâà, Êñåíèÿ."]
[Result "0-1"]
[WhiteElo "1688"]
[BlackElo "1776"]
[PlyCount "54"]
[EventDate "2017.04.20"]

1. d4 d5 2. c4 e6 3. Nc3 Nf6 4. cxd5 exd5 5. Bg5 Be7 6. e3 c6 7. Bd3 O-O 8. Qc2
Nbd7 9. Nf3 Re8 10. O-O Nf8 11. h3 Ne4 12. Bf4 f5 13. Ne5 g6 14. Na4 Ne6 15.
Bh2 Bd6 16. Rab1 Qh4 17. Bxe4 fxe4 18. Nxc6 Bxh2+ 19. Kxh2 Ng5 20. Ne5 Bxh3 21.
f4 exf3 22. g3 Qh5 23. g4 Bxg4+ 24. Kg1 Nh3+ 25. Kh1 Nf2+ 26. Kg1 Qh1+ 27. Kxf2
Qg2+ 0-1

[Event "Ä17Â"]
[Site "Loo"]
[Date "2017.04.28"]
[Round "9.21"]
[White "Øàõìàòîâà, Êñåíèÿ."]
[Black "Ïîïîâà, Äàðüÿ."]
[Result "1-0"]
[WhiteElo "1903"]
[BlackElo "1504"]
[PlyCount "115"]
[EventDate "2017.04.20"]

1. c4 e6 2. Nf3 Nf6 3. g3 d5 4. d4 c6 5. Bg2 Bd6 6. O-O O-O 7. Nc3 Nbd7 8. Re1
Bb4 9. Bd2 dxc4 10. a3 Bxc3 11. Bxc3 Nd5 12. Nd2 b5 13. e4 Nxc3 14. bxc3 Bb7
15. e5 Qc7 16. Ne4 c5 17. Nd6 Bxg2 18. Kxg2 cxd4 19. Qxd4 Qc6+ 20. Kg1 a6 21.
Rad1 Nc5 22. Qh4 Nd3 23. Re3 h6 24. Qh5 f6 25. Qg4 Nxe5 26. Qxe6+ Kh7 27. Qf5+
Kh8 28. Rxe5 fxe5 29. Nf7+ Rxf7 30. Qxf7 Qe8 31. Qc7 Rc8 32. Qb7 Qe6 33. Rd7
Rg8 34. Qc7 Qf6 35. Rd6 Qf5 36. Rd1 Rf8 37. Rf1 e4 38. Qe7 Qf3 39. Qe5 e3 40.
Qxe3 Qxe3 41. fxe3 Rxf1+ 42. Kxf1 Kg8 43. Ke2 Kf7 44. Kf3 Ke7 45. Ke4 Ke6 46.
Kd4 Kd6 47. h3 g6 48. g4 a5 49. e4 g5 50. e5+ Kc6 51. e6 Kd6 52. e7 Kxe7 53.
Kc5 b4 54. axb4 a4 55. Kxc4 Kd6 56. b5 a3 57. Kb3 Kc5 58. c4 1-0

[Event "Ä17Â"]
[Site "Loo"]
[Date "2017.04.28"]
[Round "9.22"]
[White "Ñòðîãàíîâà, Êàðèíà."]
[Black "Áû÷åíêîâà, Þëèÿ."]
[Result "1-0"]
[WhiteElo "1790"]
[BlackElo "1730"]
[PlyCount "43"]
[EventDate "2017.04.20"]

1. d4 f5 2. g3 d5 3. Bg2 Nf6 4. c4 c6 5. Nh3 e6 6. O-O Bd6 7. Bf4 dxc4 8. Na3
Bxa3 9. bxa3 Nd5 10. Be5 O-O 11. Qc2 b5 12. e4 Nb6 13. exf5 exf5 14. Nf4 Nd5
15. Qd2 Na6 16. Rab1 Nxf4 17. Qxf4 Qb6 18. Rfe1 Bd7 19. Bxg7 Kxg7 20. Qg5+ Kh8
21. Re7 Qxd4 22. Qh6 1-0

[Event "Ä17Â"]
[Site "Loo"]
[Date "2017.04.28"]
[Round "9.24"]
[White "Òàíäåëîâà, Èðèíà."]
[Black "Êîáçåâà, Òàòüÿíà."]
[Result "0-1"]
[WhiteElo "1271"]
[BlackElo "1753"]
[PlyCount "53"]
[EventDate "2017.04.20"]

1. e4 c5 2. Nf3 d6 3. g3 Nf6 4. d3 g6 5. Bg2 Bg7 6. O-O O-O 7. Nbd2 Nc6 8. Re1
Bd7 9. Nf1 Rb8 10. c3 b5 11. a3 b4 12. axb4 cxb4 13. e5 dxe5 14. Nxe5 Nxe5 15.
Rxe5 Ng4 16. Rc5 Qb6 17. d4 e5 18. h3 exd4 19. cxd4 Nh6 20. Bf4 Rbc8 21. Qd2
Nf5 22. Be5 f6 23. Bf4 Rfd8 24. g4 Nxd4 25. Qxd4 Qxc5 26. Qxc5 Rxc5 27. Rxa7
0-1